000 00627nam a2200229Ia 4500
003 OSt
005 20230501121248.0
008 210423s2019 xx 000 0 und d
020 _a978-93-85965-57-9
040 _cAL
041 _aeng
082 _a332.6015
_223
_bCHAI
100 _aCHANDRA (Prasanna)
_995616
245 _aInvestment analysis and portfolio management Ed 5
250 _a5
260 _aChennai
_bMcGrawhill Education
_c2019
300 _axxv,888
_bPB
365 _b795
_cINR
650 _aInvestment Management
_995617
906 _aanalysis ; Investment ; management ; portfolio
942 _2ddc
_cBK
999 _c170644
_d170644